LEADER 01312nam a2200253 i 4500 001 000000245600 003 CaOOAMICUS 005 20191127120426.0 008 151009s1823 xx u000 u fre u 013 $a224505 026 $as,s. uss, nine Male (7) 1823 (A) 040 $aSeMil$bita 100 1 $aBerthier, Guillaume François,$c.$0(OLS)http://semarc/name/3821 245 10$aDoctrine spirituelle du père Berthier, du père Surin, du père Saint-Jure, du M. d'Orléans de Lamothe et de Sainte Thérèse. Par l'Auteur des Dialogues chrétiens. 250 $aTrosième édition. 260 $aBesançon :$bChez Ant. Montarsolo et Comp.,$c1823. 300 $a346 p. ;$c8°. 700 1 $aLasausse, Jean Baptiste,$d<1740-1826>.$0(OLS)http://semarc/name/82409 700 1 $aSurin, Jean Joseph,$c.$0(OLS)http://semarc/name/90167 850 $aSeMil 852 $aSeMil$W1$xVenegono$y1$m3H I 42 FA$j195946$B195946$CSeMilBibl$Z2$F206663 $8I 996 $6245$aDoctrine spirituelle du père Berthier, du père Surin, du père Saint-Jure, du M. d'Orléans de Lamothe et de Sainte Thérèse. Par l'Auteur des Dialogues chrétiens$9(OLS)http://semarc/title/347209 996 $6260$aBesançon :$bChez Ant. Montarsolo et Comp.$9(OLS)http://semarc/publisher/54945 LEADER 01633nam a2200253 i 4500 001 000000180721 003 CaOOAMICUS 005 20090722000000.0 008 090722s1957 gw u000 u ger u 013 $a158428 040 $aSeMil$bita 245 14$aDie Fürstentümer Calenberg-Göttingen und Grubenhagen mit den Städten Göttingen, Northeim, Hannover, Hameln und Einbeck :$bDie Grafschaften Hoya und Diepholz : Anhang: Das Freie Reichsstift Loccum. 260 $aTübingen :$bJ.C.B. Mohr, Paul Siebeck,$c1957. 300 $aP. 701-1212 ;$c28 cm. 650 4$aChiesa luterana - Germania - Ordinamento.$0(OLS)http://semarc/subject/3420 650 4$aChiesa luterana - Germania - Storia - 1531-1600 - Fonti.$0(OLS)http://semarc/subject/34324 650 4$aCalenberg .$0(OLS)http://semarc/subject/34325 650 4$aGrubenhagen .$0(OLS)http://semarc/subject/34326 773 0 $tEvangelischen Kirchenordnungen des 16. Jahrhunderts.$dLeipzig : O. R. Reisland : [poi]... Tübingen : J.C.B. Mohr, Paul Siebeck, 1902.$g6$w()21738 773 0 $tNiedersachsen. 1 Hälfte, Die welfischen Lande.$dTübingen : J.C.B. Mohr, Paul Siebeck, 1955-1957.$g1$w()21739 850 $aSeMil 852 $aSeMil$W1$xVenegono$y1$m3B V 123$j131469$B131469$CSeMilBibl$Z2$F143342 $81 996 $6245$aDie Fürstentümer Calenberg-Göttingen und Grubenhagen mit den Städten Göttingen, Northeim, Hannover, Hameln und Einbeck :$bDie Grafschaften Hoya und Diepholz : Anhang: Das Freie Reichsstift Loccum$9(OLS)http://semarc/title/259527 996 $6260$aTübingen :$bJ.C.B. Mohr, Paul Siebeck$9(OLS)http://semarc/publisher/31825